| 000 | 00754nam a22002177a 4500 | ||
|---|---|---|---|
| 999 |
_c12304 _d12304 |
||
| 003 | AR-CdUCM | ||
| 008 | 190408b ||||| |||| 00| 0 spa d | ||
| 040 |
_aMUNICIPALIDAD PROVINCIAL DEL CUSCO _cBIBLIOTECA MUNICIPAL DEL CUSCO |
||
| 082 |
_a215.1 / _bB87 |
||
| 100 |
_aBüchner, Luis _930101 |
||
| 245 | _aLuz y vida / | ||
| 260 |
_aValencia : _bSempre y compañía. |
||
| 300 |
_a255 páginas ; _c18 cm. |
||
| 505 | _a Contenido : El sol en sus relaciones con la vida -- La circulación de las fuerzas y el fin del mundo -- La filosofía de la generación. | ||
| 650 |
_aFilosofía _9395 |
||
| 650 |
_aPensamientos _930102 |
||
| 650 |
_aIdeología _91109 |
||
| 700 |
_aGómez Pinilla, A. _929893 |
||
| 942 |
_2ddc _cLIBROS |
||
| 945 |
_arah _d08/04/2019 |
||